000 002690000a22000970004500
100 1 _aNolland, J.
245 1 0 _aNo son of God christilogy in Matthew 1.18-25
300 _aNúm 62 (1996), Páginas 3-12
773 0 _tJournal for the Study of the New Testament
942 _cANA
999 _c56096
_d56096